000 00942nam a22002651u 4500
001 05789
003 HDC
007 cr bn ---
008 210121p xx fo d 00 engg
040 _aHDC
100 _aHj Saifol Hj Bahli
_96068
245 0 _aINTERNATIONAL HALAL CONFERENCE PAKISTAN 2011 :
_bTRAINING & CONSULTANCY ON HALAL INDUSTRY /
_cby Hj Saifol Hj Bahli
260 _a[No place] :
_b[publisher not identified]
_c2011
300 _a50 pages :
_bIllustrations
336 _atext
_2rdacontent
337 _acomputer
_2rdamedia
338 _aonline resource
_2rdacarrier
650 _aGlobal Halal hub
_9971
650 _aHalal industry
_9144
650 _aHalal training program
_96112
856 _zRequest full-text at [email protected]
942 _2lcc
942 _cSLIDE
942 _kSLID 000603
999 _c3113
_d3113